Biotechnology (Record no. 560)
[ view plain ]
| 000 -LEADER | |
|---|---|
| fixed length control field | 00514nam a22001577a 4500 |
| 020 ## - ISBN | |
| International Standard Book Number | 9788179924402 |
| 050 ## - LIBRARY OF CONGRESS CALL NUMBER | |
| Classification Number | TP248.215 |
| Item Number | .F8 |
| 100 ## - MAIN ENTRY--Author | |
| Personal name | Fumento, Michael |
| 245 ## - TITLE | |
| Title | Biotechnology |
| Remainder of title | how it is changing our life |
| 250 ## - EDITIONSTATEMENT | |
| Remainder of edition statement | 3rd Jaico Impression: 2009 |
| 260 ## - PUBLICATION, DISTRIBUTION, ETC.(IMPRINT) | |
| Place of publication, distribution, etc | Mumbai |
| Name of publisher, distributor, etc | Jaico Publishing house |
| Date of publication, distribution, etc | 2009 |
| 300 ## - PHYSICAL DESCRIPTION | |
| Extent | 510p. |
| 500 ## - GENERALNOTE | |
| General note | includes index |
| 650 ## - SUBJECT--TOPIC | |
| Topical term following geographic name as entry element | Biotechnology, Genetic engineering, Biotechnology--Government policy, Biotechnology--Political aspects |
| Form subdivision | book |
| General subdivision | PBK |
| 942 ## - ADDED ENTRY ELEMENTS(KOHA) | |
| Koha item type | General circulation |
| Source of classification or shelving scheme | Not for loan | Location (home branch) | Sublocation (holding branch) | Date accessioned | Cost, normal purchase price | Full call number | Barcode | Cost, replacement price | Nonpublic note | Koha item type |
|---|---|---|---|---|---|---|---|---|---|---|
| Library of Congress Classification | Main Campus Library | Main Campus Library | 07/08/2014 | 476.76 | TP 248.215 .F8 | 2019/024694 | 976.00 | BONNIE | General circulation |